000 00685nam a2200217 4500
003 OSt
005 20230907133813.0
006 k|||||r|||| 00| zz
008 708 R549v
040 _cLado V
082 _a864
_bM478s
100 _91042
_aMcClellan, Douglas
245 _aSellos de Hule/
260 _bFundación Centro Nacional de la cULTURA
_aCosta Rica
_c1996
300 _a3p.
_c22x16cm
650 _2Tesauro de Arte & Arquitectura
_aARTE
_9702
650 _2Tesauro de Arte & Arquitectura
_aPOESÍA
_9702
650 _2Tesauro de Arte & Arquitectura
_aPINTURA
650 _2Tesauro de Arte & Arquitectura
_aARTE CONTEMPORANEO
942 _2ddc
_c1
_h864
_iM478s
_n0
999 _c4302
_d4302